000 00721nam a2200205Ii 4500
003 JO-AjNU
008 230605s9999||||xx |||||||||||||| ||und||
040 _aJO-AjNU
_bara
_erda
_cJO-AjNU
041 _aara
050 1 4 _aHD69.2006
100 3 _aمركز نيو فيجن للتدريب,
_eauthor
_915828
245 0 0 _aادارة وتنظيم الوقت:التسويق(برنامج التأهيل الوظيفي-ادارة المكاتب)
250 _aط1
264 3 1 _aالعين:مركز نيو فيجن للتدريب،2006
300 _a60ص
336 _atext
_btxt
_2rdacontent
337 _aunmediated
_bn
_2rdamedia
338 _avolume
_bnc
_2rdacarrier
650 4 _aادارة الوقت-التسويق
_915829
999 _aA4560
_c8128
_d8128